000 01422pam a2200337 a 4500
999 _c20731
_d20731
001 617958
003 BDDh-ASL
005 20231015025928.0
008 920320s1992 nyuaf b 001 0 eng
010 _a 92052928
020 _a0679417362
040 _aDLC
_cDLC
_dDLC
_dBDDh-ASL
041 1 _aeng
_hara
050 0 0 _aBP109
_b.P5 1992
082 0 0 _a297.12
_220
_bQUM
130 0 _aQurʼan.
_lEnglish.
245 1 4 _aThe meaning of the glorious Koran /
_can explanatory translation by Marmaduke Pickthall ; with an introduction by William Montgomery Watt.
246 3 0 _aGlorious Koran
246 1 4 _aKoran
260 _aNew York :
_aLondon:
_bA.A. Knopf :
_bGeorge Allen & Unwin Ltd.,
_bDistributed by Random House,
_c1992.
_c1957
300 _axxviii, 693 p., [6] p. of plates :
_bill. ;
_c21 cm.
490 0 _aEveryman's Library ;
_v105
504 _aIncludes bibliographical references and indexes.
650 0 _91854
_aQuran
700 1 _aPickthall, Marmaduke William,
_d1875-1936.
856 4 2 _3Publisher description
_uhttp://www.loc.gov/catdir/description/random0411/92052928.html
856 4 2 _3Contributor biographical information
_uhttps://www.loc.gov/catdir/enhancements/fy1616/92052928-b.html
906 _a7
_bcbc
_corignew
_d1
_eocip
_f19
_gy-gencatlg
942 _2ddc
_cBK